Statistics for Norges statsministre siden 1945

Click here to take the quiz!

General Stats

  • This quiz has been taken 1 118 times
    (308 since last reset)
  • The average score is 15 of 22

Answer Stats

HintAnswer% Correct
2013-21Erna Solberg
99%
2005-13Jens Stoltenberg
98%
2000-01Jens Stoltenberg
98%
2021-Jonas Gahr Støre
95%
1981Gro Harlem Brundtland
92%
1990-96Gro Harlem Brundtland
92%
1986-89Gro Harlem Brundtland
92%
1945-51Einar Gerhardsen
80%
1955-63Einar Gerhardsen
80%
1963-65Einar Gerhardsen
80%
1981-86Kåre Willoch
77%
1997-2000Kjell Magne Bondevik
74%
2001-05Kjell Magne Bondevik
74%
1989-90Jan P. Syse
52%
1996-97Thorbjørn Jagland
51%
1965-71Per Borten
46%
1976-81Odvar Nordli
39%
1973-76Trygve Bratteli
39%
1971-72Trygve Bratteli
39%
1963John Lyng
37%
1951-55Oscar Torp
33%
1972-73Lars Korvald
26%

Score Distribution

Percentile by Number Answered

Percent of People with Each Score

Your Score History

You have not taken this quiz since the last reset